Progressive Geography - Statistics

General Stats
  • This quiz has been taken 46 times
    25 since last reset
  • The average score is 31 of 52
Answer Stats
Question Answer % Correct
H) Highest mountain range on Earth Himalayas
96%
M) Most of China speaks this dialect Mandarin
96%
R) Latvia capital and one of the largest cities in the Baltics Riga
96%
D) River that runs thru 10 countriesand 4 capitals of Europe Danube
91%
L) Formerly used in Italy, this currency is now onlyused in Turkey, Syria and Lebanon Lira
91%
Z) Former name of the Democratic Republic of the Congo Zaire
91%
B) Transcontinental strait thatconnects Istanbul to the Black Sea Bosphorus
87%
G) Country in the Caucuses, also a US state Georgia
87%
S) The least populous country in South America Suriname
87%
Y) Large national park covering much of western Wyoming Yellowstone
87%
J) This peninsula connects mainland Denmark toGermany Jutland
83%
P) The biggest city on the island of Sicily Palermo
83%
A) Southernmost region of Spain,its capital is Seville Andalusia
78%
E) Large stratovolcano on the east coast of Sicily Etna
78%
I) Longest river in Pakistan Indus
78%
Q) The biggest of the 5 boroughs of New York Queens
78%
V) Most populous city in the Baltic states Vilnius
78%
X) Chinese city near the terracotta warrior archaeology site Xian
78%
A) Highest peak in the Americas Aconcagua
74%
C) Mountain range stretching from Czechia to Romania Carpathian
74%
F) Danish island group north of the United Kingdomin the North Sea Faroe
74%
V) The setting of Romeo and Juliet took place in this city Verona
74%
B) Madagascar is known for thesetall, majestic trees in its western region Baobab
70%
K) Peninsula in far east Russia bordered by the Seaof Okhotsk Kamchatka
70%
M) This state is also called "Big Sky country" Montana
70%
T) 2nd biggest city in Arizona Tucson
70%
W) French speaking region of southern Belgium Wallonia
70%
I) Unofficially the capital of the remote ScottishHighlands Inverness
65%
N) Sydney is the biggest city of this Australian province New South Wales
65%
U) Region of central Italy known for its hills, Medieval townsand food Umbria
65%
Y) Crimean city where the 1945 Allied conference took place Yalta
65%
E) This island in New York was used forimmigration during the late 1800s-1900s Ellis
61%
L) LHR is the main airport of which city? London
57%
S) Longest river in the UK Severn
57%
F) Capital of the Madeira archipelago of Portugal Funchal
48%
W) Biggest city in the Lower Silesian voivodeship ofsouthern Poland Wroclaw
48%
C) Far northern Queensland city, the gateway to the Great Barrier Reef Cairns
43%
D) This capital means "Monday" in itsnative language Dushanbe
43%
O) This bridge connects Copenhagen, Denmark with Malmo, Sweden Oresund
39%
O) Vast, swampy inland delta in northern Botswana ona river of the same name Okavango
35%
U) City in the Baden-Wurttemberg state of southernGermany Ulm
35%
G) Large, open bay south of western and southAustralia Great Australian Bight
30%
H) This city is considered the northernmost cityon Earth with over 10,000 people Hammerfest
22%
P) 2nd biggest city in Kosovo Prizren
22%
Z) Central Mexican city and state that was once aformer silver mine hub Zacatecas
22%
T) "Edinburgh of the 7 Seas" is the capital of theseextremely remote islands Tristan da Cunha
17%
R) Capital of the Lapland region of northern Finland Rovaniemi
13%
X) City in northeastern Greece in the Western Thrace region Xanthi
13%
K) Town in southern Iceland where the largest airportin the country is located Keflavik
9%
J) Largest city of the Santa Catarina region of Brazil Joinville
4%
N) The largest of the Marquesas islands in FrenchPolynesia Nuku Hiva
0%
Q) 5th most populous city in Malta Qormi
0%
No matching quizzes found
Score Distribution
Percent of People with Each Score
Percentile by Number Answered
Your Score History
You have not taken this quiz since the last reset